000 01627nam a2200481 i 4500
001 41988
003 KOSZ 005
005 20190806131723.0
008 000314s1999 pl a f f |000 0 pol
015 _aPB 2000/6284
020 _a8385809473
035 _a(PL-WaBN)b13530951-48omnis_nlop
035 _ab13530951
035 _a(OCoLC)749296731
035 _a(PL)b0000001353095
040 _aWA N
_cWA N
_dKOSZ 005/HR
041 0 _apol
046 _k1999
080 _a005:004.03
080 _a(075.8)
100 1 _aKolbusz, Edward.
_eAutor
245 1 0 _aInformatyka w zarządzaniu :
_bmetody i systemy /
_cEdward Kolbusz, Antoni Nowakowski.
260 _aSzczecin :
_bWydaw. Zachodniopomorskiej Szkoły Biznesu,
_c1999.
300 _a292, [4] s. :
_bil. ;
_c24 cm.
336 _2rdacontent
_aTekst
_btxt
337 _2rdamedia
_aBez urządzenia pośredniczącego
_bn
338 _2rdacarrier
_aWolumin
_bnc
380 _aKsiążki
380 _aPublikacje dydaktyczne
385 _mPoziom nauczania
_aSzkoły wyższe
388 _a1901-2000
388 _a1989-2000
504 _aBibliogr.
658 _aZarządzanie i marketing
658 _aInformatyka i technologie informacyjne
655 7 _aPodręczniki akademickie
_2DBN
650 7 _aSystemy informatyczne zarządzania
_2DBN
700 1 _aNowakowski, Antoni
_d(1944- )
_eAutor
710 2 _aWydawnictwo Zachodniopomorskiej Szkoły Biznesu (Szczecin).
_4pbl
856 _uhttp://koha.tu.koszalin.pl/cgi-bin/koha/opac-detail.pl?biblionumber=41988
_yKatalog online BPK
942 _2UKD
_cKS
999 _c41988
_d41988